000 02115nam a2200337 i 4500
001 000003338
003 DO-SdBNP
005 20260313112338.0
007 ta
008 090708s1997 dr 001 0 spa d
040 _aDO-SdBNP
_bspa
_cBNPHU
_erda
041 _aspa
082 4 _a342.802
_bC758p
_222
245 0 0 _aConstituciones políticas de América Latina /
_c[compilado por] Raymundo Amaro Guzmán .
264 _aSanto Domingo :
_bONAP,
_c1997.
300 _a3 volúmenes ;
_c21cm.
336 _atexto
_btxt
_2rdacontent
337 _asin mediación
_bn
_2rdamedia
338 _avolumen
_bnc
_2rdacarrier
504 _aIncluye referencias bibliográficas.
505 0 _gv. 1.
_tConstitución de la República de Bolivia --
_tConstitución de la República Federativa del Brasil --
_tConstitución de la República de Colombia --
_tConstitución de la República de Costa Rica --
_tConstitución de la República de Cuba --
_tConstitución de la República de Chile. --
505 0 _gv.2.
_tConstitución de la Nación Argentina --
_tConstitución de la República del Ecuador --
_tConstitución del Estado de El Salvador --
_tConstitución de la República de Guatemala --
_tConstitución de la República de Haití --
_tConstitución de la República de Honduras --
_tConstitución de los Estados Unidos Mexicanos --
_tConstitución de la República de Nicaragua --
505 0 _gv.3.
_tConstitución de la República de Panamá --
_tConstitución de la República del Paraguay --
_tConstitución de la República de Perú --
_tConstitución del Estado Libre Asociado de Puerto Rico --
_tConstitución de la República Dominicana --
_tConstitución de la República Oriental de Uruguay --
_tConstitución de la República de Venezuela.
590 _aInventariado, 2018/ YL
651 7 _aAmérica Latina
_xConstitución
_94092
651 4 _aAmerica Latina
_xHistoria constitucional
_910467
700 1 _aAmaro Guzmán, Raymundo
_ecompilador
_9656
_4comp.
710 1 _aRepública Dominicana.
_bOficina Nacional de Administración y Personal
_981949
910 _aValidado. Control de calidad MFF
942 _2ddc
_cLBS1
999 _c3169
_d3169